[Event "ENCI Limburg-open A"]
[Site "Maastricht"]
[Date "2009.05.31"]
[Round "5"]
[White "Broekmeulen, Jasper"]
[Black "Stopa, Jacek"]
[Result "1/2-1/2"]
[WhiteElo "2318"]
[BlackElo "2471"]
[PlyCount "133"]
[EventDate "2009.05.29"]
[EventType "swiss"]
[EventRounds "7"]
[EventCountry "NED"]
[Source "P.Boonen"]
[SourceDate "2010.01.01"]

1. e4 c5 2. Nf3 d6 3. d4 cxd4 4. Nxd4 Nf6 5. Nc3 a6 6. f4 e5 7. Nf5 Nxe4 8.
Nxg7+ Bxg7 9. Nxe4 d5 10. Ng3 O-O 11. fxe5 Nc6 12. Be2 Qb6 13. Qxd5 Rd8 14. Qe4
Rd4 15. Qe3 Nb4 16. Bd3 Nxd3+ 17. cxd3 Qa5+ 18. Bd2 Qd5 19. Bc3 Rxd3 20. Qe2 b5
21. Rd1 Rxd1+ 22. Qxd1 Qxd1+ 23. Kxd1 b4 24. Bxb4 Bxe5 25. Bc3 Bxc3 26. bxc3
Be6 27. a3 Rb8 28. Kc2 Bb3+ 29. Kd3 Rd8+ 30. Ke3 Bc4 31. Ne4 f5 32. Nf2 Re8+
33. Kd4 Bb5 34. g3 Re2 35. Nh3 Rd2+ 36. Kc5 Ra2 37. Kb4 Rb2+ 38. Kc5 Rb3 39.
Rc1 Rxa3 40. c4 Be8 41. Kb6 Ra2 42. c5 Rxh2 43. Nf4 Rh6+ 44. Kb7 a5 45. c6
Bxc6+ 46. Rxc6 Rxc6 47. Kxc6 a4 48. Ne2 a3 49. Nc1 Kg7 50. Kd5 Kg6 51. Kd4 Kg5
52. Ke3 Kg4 53. Kf2 h5 54. Kg2 f4 55. gxf4 Kxf4 56. Kh3 Ke3 57. Kh4 Kd2 58. Na2
Kc2 59. Kxh5 Kb3 60. Nc1+ Kb2 61. Nd3+ Kc2 62. Nb4+ Kb3 63. Nd3 Kc3 64. Nc1 Kc2
65. Na2 Kb2 66. Nb4 a2 67. Nxa2 1/2-1/2

[Event "ENCI Limburg-open A"]
[Site "Maastricht"]
[Date "2009.05.31"]
[Round "5"]
[White "Friesen, Boris"]
[Black "Simenon, Jozef"]
[Result "1/2-1/2"]
[WhiteElo "2114"]
[BlackElo "2213"]
[PlyCount "88"]
[EventDate "2009.05.29"]
[EventType "swiss"]
[EventRounds "7"]
[EventCountry "NED"]
[Source "P.Boonen"]
[SourceDate "2010.01.01"]

1. e4 c5 2. c3 g6 3. d4 cxd4 4. cxd4 d5 5. exd5 Nf6 6. Nc3 Bg7 7. Qb3 O-O 8.
Be2 Nbd7 9. Bf3 Nb6 10. Nge2 a5 11. a4 Bg4 12. Bxg4 Nxg4 13. O-O Qd6 14. Bf4
Qb4 15. Qd1 Nf6 16. d6 exd6 17. Nb5 Rfd8 18. b3 Ne4 19. f3 g5 20. Bc1 Nc5 21.
Ba3 Qxb3 22. dxc5 Qe3+ 23. Rf2 dxc5 24. Qc1 Qe5 25. Rb1 Nxa4 26. Qc2 Nb6 27.
Bb2 Qe3 28. Ng3 Bxb2 29. Rxb2 c4 30. Nf5 Qe5 31. Re2 Qc5+ 32. Kf1 Rd3 33. Ne7+
Kf8 34. Nc3 Qd4 35. Re4 Qxc3 36. Qxc3 Rxc3 37. Rxb6 a4 38. Nd5 Rc1+ 39. Re1 Rc2
40. Rxb7 Rd8 41. Ne3 Rc3 42. Nf5 Rc2 43. Ne3 Rc3 44. Rc7 Re8 1/2-1/2

[Event "ENCI Limburg-open A"]
[Site "Maastricht"]
[Date "2009.05.31"]
[Round "5"]
[White "Guliyev, Namiq"]
[Black "Zaragatski, Ilja"]
[Result "1-0"]
[WhiteElo "2534"]
[BlackElo "2428"]
[PlyCount "79"]
[EventDate "2009.05.29"]
[EventType "swiss"]
[EventRounds "7"]
[EventCountry "NED"]
[Source "P.Boonen"]
[SourceDate "2010.01.01"]

1. e4 e6 2. d4 d5 3. Nc3 Nc6 4. Nf3 Nf6 5. Bg5 Be7 6. Bxf6 Bxf6 7. Bb5 O-O 8.
Qd2 Nb8 9. O-O-O b6 10. h4 a5 11. Bd3 Ba6 12. exd5 Bxd3 13. Qxd3 exd5 14. Kb1
c6 15. Ng5 g6 16. f4 Ra7 17. Nf3 Nd7 18. g4 Re8 19. g5 Be7 20. h5 Bd6 21. Rh4
Nf8 22. Rdh1 b5 23. Ne5 Bxe5 24. dxe5 Ne6 25. Nd1 Nxg5 26. fxg5 Qxg5 27. Qd4
Rb7 28. hxg6 fxg6 29. Rh5 Qg3 30. Rg1 Qf3 31. Rhg5 Rbe7 32. Nf2 Rf8 33. Nd3 Qe4
34. Qc5 Ref7 35. b3 b4 36. Kb2 Rf3 37. R5g4 Qe2 38. Qxc6 Rxd3 39. Rxg6+ Kh8 40.
Qf6+ 1-0

[Event "ENCI Limburg-open A"]
[Site "Maastricht"]
[Date "2009.05.31"]
[Round "5"]
[White "Heltzel, Joost"]
[Black "Glimmerveen, Martin"]
[Result "1-0"]
[WhiteElo "2267"]
[BlackElo "2064"]
[PlyCount "101"]
[EventDate "2009.05.29"]
[EventType "swiss"]
[EventRounds "7"]
[EventCountry "NED"]
[Source "P.Boonen"]
[SourceDate "2010.01.01"]

1. Nf3 Nf6 2. g3 d5 3. Bg2 Nbd7 4. O-O e5 5. d3 Bd6 6. Nbd2 O-O 7. e4 c6 8. Nh4
Re8 9. h3 Nf8 10. Re1 Qb6 11. Qf3 Ne6 12. Nb3 dxe4 13. dxe4 c5 14. Nf5 Nd4 15.
Nbxd4 cxd4 16. Nxd6 Qxd6 17. c3 dxc3 18. Qxc3 Bd7 19. Be3 Rac8 20. Qa5 a6 21.
Rad1 Qe6 22. Bc5 Qc4 23. Rc1 Qb5 24. Qxb5 Bxb5 25. Bb6 Nd7 26. Be3 Nf8 27. Bf1
Bc6 28. f3 Rcd8 29. Bxa6 Bxe4 30. Bb5 Bxf3 31. Bxe8 Rxe8 32. Rc3 Bc6 33. Rec1
Ng6 34. Rd1 f5 35. Bb6 Kf7 36. Rd8 Re6 37. Bc5 e4 38. b3 Ne5 39. Rf8+ Kg6 40.
Kf2 Nd7 41. Rd8 Re5 42. Bd6 Rd5 43. Rxc6 bxc6 44. Rxd7 Rd2+ 45. Ke1 Rxa2 46.
Be5 Ra5 47. Rxg7+ Kh6 48. Re7 Rb5 49. Re6+ Kh5 50. Bf4 Rxb3 51. Rh6# 1-0

[Event "ENCI Limburg-open A"]
[Site "Maastricht"]
[Date "2009.05.31"]
[Round "5"]
[White "Henrichs, Thomas"]
[Black "Dek, Lennart"]
[Result "0-1"]
[WhiteElo "2500"]
[BlackElo "2179"]
[PlyCount "96"]
[EventDate "2009.05.29"]
[EventType "swiss"]
[EventRounds "7"]
[EventCountry "NED"]
[Source "P.Boonen"]
[SourceDate "2010.01.01"]

1. d4 d6 2. c4 e5 3. Nf3 e4 4. Ng5 f5 5. Nc3 Be7 6. Nh3 Nf6 7. g3 O-O 8. Bg2 c6
9. d5 c5 10. O-O Na6 11. f3 exf3 12. exf3 Nc7 13. Re1 Re8 14. b3 Nd7 15. Qc2
Bf6 16. Rxe8+ Qxe8 17. Bd2 Ne5 18. Re1 Qf8 19. Nf4 g6 20. a4 Ne8 21. a5 Ng7 22.
Nh3 Qd8 23. Nf2 Bd7 24. h3 Nf7 25. f4 Qf8 26. Bf3 Re8 27. Rxe8 Qxe8 28. Kg2 Qe7
29. Ne2 Ne8 30. Nd3 Bg7 31. b4 b6 32. Qb3 Bc8 33. Nc3 Qb7 34. Bd1 Kf8 35. bxc5
bxc5 36. Qxb7 Bxb7 37. Nb5 a6 38. Nc3 Nd8 39. Na4 Ne6 40. Nb6 Ke7 41. Ba4 Nd8
42. Kf2 Nf6 43. Be1 Ne4+ 44. Kf1 Bc3 45. Bxc3 Nxc3 46. Bc2 Ne4 47. Kg2 Nd2 48.
Nc1 Nxc4 0-1

[Event "ENCI Limburg-open A"]
[Site "Maastricht"]
[Date "2009.05.31"]
[Round "5"]
[White "Hetey, Laszlo"]
[Black "Mengerink, Ynze"]
[Result "1-0"]
[WhiteElo "2347"]
[BlackElo "2025"]
[PlyCount "39"]
[EventDate "2009.05.29"]
[EventType "swiss"]
[EventRounds "7"]
[EventCountry "NED"]
[Source "P.Boonen"]
[SourceDate "2010.01.01"]

1. d4 d5 2. Nf3 Nf6 3. c4 c6 4. Nc3 dxc4 5. a4 Bf5 6. Nh4 Bg6 7. Nxg6 hxg6 8.
e4 e6 9. Bxc4 Bb4 10. Qd3 Qc7 11. e5 Nd5 12. O-O Nxc3 13. bxc3 Be7 14. f4 Qa5
15. Rb1 Qc7 16. g4 Nd7 17. f5 gxf5 18. gxf5 Nf8 19. Bf4 O-O-O 20. Ba6 1-0

[Event "ENCI Limburg-open A"]
[Site "Maastricht"]
[Date "2009.05.31"]
[Round "5"]
[White "Hoornstra, Hans"]
[Black "Kirkebo, Carl Peter"]
[Result "0-1"]
[WhiteElo "1933"]
[BlackElo "2158"]
[PlyCount "68"]
[EventDate "2009.05.29"]
[EventType "swiss"]
[EventRounds "7"]
[EventCountry "NED"]
[Source "P.Boonen"]
[SourceDate "2010.01.01"]

1. d4 Nf6 2. Nf3 e6 3. Bg5 h6 4. Bxf6 Qxf6 5. Nbd2 Nc6 6. c3 d6 7. g3 g5 8. Bg2
Bg7 9. a4 e5 10. dxe5 dxe5 11. a5 a6 12. Qb3 O-O 13. O-O Rb8 14. Ne4 Qe7 15.
Qa3 Qxa3 16. Rxa3 Rd8 17. c4 f5 18. Nc3 Be6 19. Nd5 e4 20. Ne1 Bxb2 21. Ra2 Bg7
22. f3 Bxd5 23. cxd5 Nb4 24. Ra3 e3 25. f4 g4 26. Nd3 Nxd5 27. Rc1 c6 28. Rb3
Nc7 29. Rc5 Nb5 30. Rbxb5 axb5 31. a6 Rxd3 32. exd3 e2 33. Rc1 Bd4+ 34. Kh1 Bf2
0-1

[Event "ENCI Limburg-open A"]
[Site "Maastricht"]
[Date "2009.05.31"]
[Round "5"]
[White "In 't Veld, Daan"]
[Black "Larmuseau, Michiel"]
[Result "1-0"]
[WhiteElo "2168"]
[BlackElo "2041"]
[PlyCount "82"]
[EventDate "2009.05.29"]
[EventType "swiss"]
[EventRounds "7"]
[EventCountry "NED"]
[Source "P.Boonen"]
[SourceDate "2010.01.01"]

1. e4 e5 2. Nf3 Nc6 3. d4 exd4 4. Nxd4 Bc5 5. Be3 Qf6 6. c3 Nge7 7. Bc4 Ne5 8.
Be2 d6 9. O-O Qg6 10. f3 O-O 11. b4 Bb6 12. a4 c6 13. Nd2 d5 14. a5 Bc7 15. Kh1
dxe4 16. Nxe4 Nf5 17. Bg1 Nh4 18. Rf2 Rd8 19. Bf1 Bf5 20. Nc5 b6 21. axb6 axb6
22. Rxa8 Rxa8 23. Na6 Bd6 24. g3 Nhxf3 25. Nxf5 Qxf5 26. Qxd6 Ng4 27. Re2 g6
28. Qxc6 Rxa6 29. Re8+ Kg7 30. Bxa6 Nxg1 31. Qg2 Nh3 32. Qa8 Nhf2+ 33. Kg2 Qb1
34. Bf1 Nd1 35. Qf3 Qc2+ 36. Re2 Nde3+ 37. Kg1 Qxc3 38. h3 Qd4 39. hxg4 Nxg4+
40. Kg2 Qxb4 41. Qe4 Qxe4+ 1-0

[Event "ENCI Limburg-open A"]
[Site "Maastricht"]
[Date "2009.05.31"]
[Round "5"]
[White "Kalla, Christian"]
[Black "Lafosse, Jimmy"]
[Result "0-1"]
[WhiteElo "1977"]
[BlackElo "2039"]
[PlyCount "120"]
[EventDate "2009.05.29"]
[EventType "swiss"]
[EventRounds "7"]
[EventCountry "NED"]
[Source "P.Boonen"]
[SourceDate "2010.01.01"]

1. e4 c5 2. c3 g6 3. d4 cxd4 4. cxd4 d5 5. e5 Nc6 6. Nf3 Bg4 7. Be2 Qb6 8. Nbd2
Nh6 9. Qb3 Nf5 10. O-O Nfxd4 11. Qd1 Nxe2+ 12. Qxe2 Bg7 13. h3 Nd4 14. Qd3
Nxf3+ 15. Nxf3 Bxf3 16. Qxf3 Rd8 17. Rd1 Bxe5 18. Rxd5 Rxd5 19. Qxd5 Bd4 20.
Qf3 O-O 21. Rb1 Rc8 22. Be3 Bxe3 23. fxe3 Qc6 24. Qxc6 Rxc6 25. Kf2 Rc2+ 26.
Kf3 Kg7 27. a4 f5 28. g3 Kf6 29. g4 e5 30. b4 e4+ 31. Kg3 Rc3 32. Kf2 fxg4 33.
hxg4 Kg5 34. Rh1 h6 35. Rd1 Rc4 36. Kg3 Rxb4 37. Rd5+ Kf6 38. Rd7 Ke5 39. Re7+
Kf6 40. Rd7 h5 41. gxh5 gxh5 42. Kf4 Ke6 43. Rh7 h4 44. a5 a6 45. Rxh4 Rb5 46.
Rh6+ Kd5 47. Rh7 Kc6 48. Rh6+ Kd5 49. Rh7 Kc5 50. Kxe4 Kb4 51. Kd4 Kxa5 52. Rh6
Rg5 53. e4 Kb5 54. e5 Rg1 55. Kd5 Rd1+ 56. Ke4 Kc5 57. Kf5 a5 58. e6 Rf1+ 59.
Ke5 a4 60. e7 Re1+ 0-1

[Event "ENCI Limburg-open A"]
[Site "Maastricht"]
[Date "2009.05.31"]
[Round "5"]
[White "Klimov, Sergey"]
[Black "Ducarmon, Quinten"]
[Result "1-0"]
[WhiteElo "2521"]
[BlackElo "2153"]
[PlyCount "78"]
[EventDate "2009.05.29"]
[EventType "swiss"]
[EventRounds "7"]
[EventCountry "NED"]
[Source "P.Boonen"]
[SourceDate "2010.01.01"]

1. e4 c5 2. Nf3 d6 3. d4 cxd4 4. Nxd4 Nf6 5. Nc3 a6 6. Be3 e5 7. Nb3 Be6 8. Qd2
Nbd7 9. f3 Be7 10. g4 O-O 11. O-O-O b5 12. Rg1 b4 13. Nd5 Bxd5 14. exd5 a5 15.
g5 Nh5 16. Kb1 Qc7 17. Bb5 g6 18. Bc6 Ra6 19. Qd3 Nb8 20. Rg4 f6 21. Bb5 Ra8
22. gxf6 Rxf6 23. Rdg1 Nd7 24. Bc6 Raf8 25. Bxd7 Qxd7 26. Nxa5 Bd8 27. Nc6 Rxf3
28. Nxd8 Rxd8 29. Qe2 Rdf8 30. Rxb4 Qh3 31. Rb3 Rf1+ 32. Bc1 Qxb3 33. Rxf1 Qxd5
34. Rd1 Qc6 35. Qd3 Rd8 36. Bg5 Rd7 37. Rf1 Rf7 38. Qb3 Qd7 39. Bh6 Nf6 1-0

[Event "ENCI Limburg-open A"]
[Site "Maastricht"]
[Date "2009.05.31"]
[Round "5"]
[White "Koch, Markus"]
[Black "Simenon, Stefan"]
[Result "1-0"]
[WhiteElo "2007"]
[BlackElo "2109"]
[PlyCount "111"]
[EventDate "2009.05.29"]
[EventType "swiss"]
[EventRounds "7"]
[EventCountry "NED"]
[Source "P.Boonen"]
[SourceDate "2010.01.01"]

1. c4 Nf6 2. g3 d6 3. Bg2 g6 4. Nc3 Bg7 5. d3 O-O 6. e3 c6 7. Rb1 a5 8. a3 e5
9. Nge2 Be6 10. O-O d5 11. cxd5 cxd5 12. d4 e4 13. Nf4 Nc6 14. f3 exf3 15. Nxe6
fxe6 16. Bxf3 Qe7 17. b4 axb4 18. axb4 Rac8 19. Qb3 Bh6 20. Ne2 Ne4 21. Nf4 Ng5
22. Bg2 b5 23. Bd2 Kh8 24. Qd3 Na7 25. Ra1 Nf7 26. e4 dxe4 27. Qxe4 Nd6 28. Qe2
Bg7 29. Nxe6 Rfe8 30. d5 Nc4 31. Bg5 Qxg5 32. Rxa7 Bd4+ 33. Kh1 Bxa7 34. Rf8+
Rxf8 35. Nxg5 Ne3 36. Qb2+ Kg8 37. Bh3 Nf5 38. Ne6 Rf7 39. Bxf5 gxf5 40. Kg2
Bb8 41. Qe2 Bd6 42. Qxb5 f4 43. gxf4 Bxf4 44. Qd3 Bd6 45. Qe4 Rb8 46. Ng5 Re7
47. Qf5 Rf8 48. Qg4 Kh8 49. h4 Rg8 50. Qf5 Reg7 51. Kh1 Rf8 52. Qe6 Be7 53. Qe5
Bf6 54. Qd6 Bxg5 55. Qxf8+ Rg8 56. Qxg8+ 1-0

[Event "ENCI Limburg-open A"]
[Site "Maastricht"]
[Date "2009.05.31"]
[Round "5"]
[White "Koenig, Christian"]
[Black "Klein, Felix"]
[Result "1/2-1/2"]
[WhiteElo "2140"]
[BlackElo "2288"]
[PlyCount "50"]
[EventDate "2009.05.29"]
[EventType "swiss"]
[EventRounds "7"]
[EventCountry "NED"]
[Source "P.Boonen"]
[SourceDate "2010.01.01"]

1. e4 c5 2. a3 g6 3. Nc3 Bg7 4. f4 Nc6 5. Nf3 d6 6. Bc4 e6 7. O-O Nge7 8. d3
O-O 9. Qe1 Nd4 10. Qf2 Nxf3+ 11. Qxf3 Nc6 12. Be3 Nd4 13. Qf2 Bd7 14. Rae1 b5
15. Ba2 a5 16. Nd1 b4 17. c3 bxc3 18. bxc3 Nb5 19. e5 Rb8 20. c4 Nd4 21. Bxd4
cxd4 22. Qxd4 Bc6 23. Qe3 Qc7 24. Rf2 Rfd8 25. Rd2 Bf8 1/2-1/2

[Event "ENCI Limburg-open A"]
[Site "Maastricht"]
[Date "2009.05.31"]
[Round "5"]
[White "Lagrain, Jan"]
[Black "Nabuurs, Joep"]
[Result "0-1"]
[WhiteElo "2067"]
[BlackElo "2227"]
[PlyCount "70"]
[EventDate "2009.05.29"]
[EventType "swiss"]
[EventRounds "7"]
[EventCountry "NED"]
[Source "P.Boonen"]
[SourceDate "2010.01.01"]

1. e4 c5 2. Nc3 d6 3. g3 g6 4. Bg2 Bg7 5. d3 Nc6 6. f4 e6 7. Nf3 Nge7 8. O-O
O-O 9. Be3 b6 10. Bf2 Bb7 11. Qd2 Qd7 12. Rad1 Rad8 13. d4 cxd4 14. Nxd4 Qc8
15. Rfe1 Qa8 16. Bf1 d5 17. e5 Nxd4 18. Bxd4 Rd7 19. Qf2 Rfd8 20. g4 Bf8 21.
Re3 Nc6 22. Ne2 Ba6 23. c3 Rc8 24. Qh4 Bxe2 25. Bxe2 Nxd4 26. cxd4 Rc2 27. Bd3
Rxb2 28. Rh3 h6 29. Rc1 Qd8 30. Qg3 Rc7 31. Rd1 Rxa2 32. g5 h5 33. Qf3 Qc8 34.
Rxh5 gxh5 35. Qxh5 Bg7 0-1

[Event "ENCI Limburg-open A"]
[Site "Maastricht"]
[Date "2009.05.31"]
[Round "5"]
[White "Miesen, Fabian"]
[Black "Rendboe, John"]
[Result "0-1"]
[WhiteElo "2082"]
[BlackElo "2199"]
[PlyCount "68"]
[EventDate "2009.05.29"]
[EventType "swiss"]
[EventRounds "7"]
[EventCountry "NED"]
[Source "P.Boonen"]
[SourceDate "2010.01.01"]

1. c4 c5 2. g3 g6 3. Bg2 Bg7 4. Nc3 Nc6 5. a3 Nf6 6. Rb1 a5 7. e4 O-O 8. Nge2
d6 9. O-O Bd7 10. h3 Ne8 11. d3 Nc7 12. Be3 Ne6 13. f4 Ned4 14. g4 f5 15. exf5
gxf5 16. g5 Rb8 17. Ng3 b5 18. Nh5 Bh8 19. cxb5 Nxb5 20. Qb3+ e6 21. Nxb5 Nd4
22. Nxd4 cxd4 23. Qc4 dxe3 24. b4 Qb6 25. Kh2 Rfc8 26. Qa2 Qd4 27. bxa5 d5 28.
Rxb8 Rxb8 29. Rb1 Rc8 30. Rb7 Be8 31. Rb4 Qxd3 32. Rb3 Qc4 33. Nf6+ Bxf6 34.
gxf6 Qxf4+ 0-1

[Event "ENCI Limburg-open A"]
[Site "Maastricht"]
[Date "2009.05.31"]
[Round "5"]
[White "Mueller, Claudia"]
[Black "Andok, Claus Michael"]
[Result "1/2-1/2"]
[WhiteElo "2021"]
[BlackElo "2085"]
[PlyCount "28"]
[EventDate "2009.05.29"]
[EventType "swiss"]
[EventRounds "7"]
[EventCountry "NED"]
[Source "P.Boonen"]
[SourceDate "2010.01.01"]

1. e4 c6 2. Nf3 d5 3. d3 Bg4 4. Be2 Bxf3 5. Bxf3 e6 6. O-O Nf6 7. Bg5 Be7 8.
exd5 cxd5 9. c4 Qb6 10. Nc3 dxc4 11. dxc4 Nbd7 12. Nb5 O-O 13. Be3 Bc5 14. Bxc5
Qxc5 1/2-1/2

[Event "ENCI Limburg-open A"]
[Site "Maastricht"]
[Date "2009.05.31"]
[Round "5"]
[White "Nabuurs, Mart"]
[Black "Zilverberg, Jasper"]
[Result "1-0"]
[WhiteElo "2108"]
[BlackElo "2015"]
[PlyCount "101"]
[EventDate "2009.05.29"]
[EventType "swiss"]
[EventRounds "7"]
[EventCountry "NED"]
[Source "P.Boonen"]
[SourceDate "2010.01.01"]

1. e4 Nf6 2. Nc3 d5 3. exd5 Nxd5 4. Bc4 Nb6 5. Bb3 Bf5 6. Nf3 Nc6 7. a3 e6 8.
d3 Be7 9. Bf4 O-O 10. h3 Re8 11. g4 Bg6 12. Qe2 Nd5 13. Bd2 Bf6 14. O-O Nxc3
15. Bxc3 Bxc3 16. bxc3 Qd6 17. Qe3 Ne7 18. Rfe1 Nd5 19. Bxd5 Qxd5 20. Ne5 f6
21. Nxg6 hxg6 22. c4 Qd7 23. Qe4 b6 24. Qxg6 Rad8 25. Re2 e5 26. h4 Qf7 27.
Qxf7+ Kxf7 28. Re4 Rh8 29. h5 g6 30. hxg6+ Kxg6 31. Kg2 Rh4 32. Rh1 Rxh1 33.
Kxh1 c5 34. Kg2 Rh8 35. Re1 Kg5 36. Kg3 Rh4 37. f3 Rh7 38. a4 a6 39. Rb1 Rb7
40. a5 b5 41. cxb5 axb5 42. a6 Ra7 43. Ra1 Kg6 44. Kf2 Kf7 45. Ke3 Ke6 46. Ke4
c4 47. dxc4 bxc4 48. c3 Ra8 49. a7 f5+ 50. gxf5+ Kf6 51. Ra6+ 1-0

[Event "ENCI Limburg-open A"]
[Site "Maastricht"]
[Date "2009.05.31"]
[Round "5"]
[White "Noiroux, Kevin"]
[Black "Soors, Stef"]
[Result "1/2-1/2"]
[WhiteElo "2137"]
[BlackElo "2241"]
[PlyCount "20"]
[EventDate "2009.05.29"]
[EventType "swiss"]
[EventRounds "7"]
[EventCountry "NED"]
[Source "P.Boonen"]
[SourceDate "2010.01.01"]

1. d4 Nf6 2. c4 g6 3. Nc3 Bg7 4. e4 d6 5. Be2 O-O 6. f4 c5 7. Nf3 cxd4 8. Nxd4
a6 9. Be3 Nbd7 10. O-O Nc5 1/2-1/2

[Event "ENCI Limburg-open A"]
[Site "Maastricht"]
[Date "2009.05.31"]
[Round "5"]
[White "Panchanathan, Magesh"]
[Black "Ernst, Sipke"]
[Result "0-1"]
[WhiteElo "2462"]
[BlackElo "2582"]
[PlyCount "90"]
[EventDate "2009.05.29"]
[EventType "swiss"]
[EventRounds "7"]
[EventCountry "NED"]
[Source "P.Boonen"]
[SourceDate "2010.01.01"]

1. e4 e5 2. Nf3 Nc6 3. Bb5 a6 4. Ba4 Nf6 5. O-O Nxe4 6. d4 b5 7. Bb3 d5 8. dxe5
Be6 9. Nbd2 Nc5 10. c3 Be7 11. Bc2 d4 12. cxd4 Nxd4 13. Nxd4 Qxd4 14. Nf3 Qxd1
15. Rxd1 O-O 16. Bg5 Bxg5 17. Nxg5 h6 18. Ne4 Nxe4 19. Bxe4 Rad8 20. b4 Bxa2
21. f4 Rxd1+ 22. Rxd1 f6 23. Rd7 fxe5 24. fxe5 Rf4 25. Bg6 Kf8 26. Rxc7 Rxb4
27. Bf5 Rc4 28. Ra7 Rc5 29. Ra8+ Ke7 30. Ra7+ Kd8 31. Ra8+ Kc7 32. Rxa6 Rxe5
33. Rxa2 Rxf5 34. Ra7+ Kb6 35. Rxg7 b4 36. Rg8 Kb5 37. Rb8+ Kc4 38. g3 b3 39.
Kg2 Rb5 40. Rc8+ Kb4 41. Rc1 b2 42. Rb1 Kc3 43. g4 Kc2 44. Rf1 b1=Q 45. Rxb1
Rxb1 0-1

[Event "ENCI Limburg-open A"]
[Site "Maastricht"]
[Date "2009.05.31"]
[Round "5"]
[White "Pedersen, Lars Erik"]
[Black "Bus, Tom"]
[Result "0-1"]
[WhiteElo "2049"]
[BlackElo "2225"]
[PlyCount "81"]
[EventDate "2009.05.29"]
[EventType "swiss"]
[EventRounds "7"]
[EventCountry "NED"]
[Source "P.Boonen"]
[SourceDate "2010.01.01"]

1. d4 Nf6 2. Nf3 c5 3. e3 g6 4. c4 Bg7 5. Nc3 O-O 6. Be2 cxd4 7. Nxd4 Nc6 8.
O-O Nxd4 9. Qxd4 d6 10. Qd2 Be6 11. Rb1 Rc8 12. b3 d5 13. cxd5 Nxd5 14. Nxd5
Qxd5 15. Qxd5 Bxd5 16. Ba3 Rc2 17. Bd3 Rxa2 18. Bxe7 Re8 19. Bh4 h6 20. Rfd1
Be4 21. Bg3 g5 22. h4 Bc6 23. hxg5 hxg5 24. Bf5 Rxe3 25. b4 a6 26. Rbc1 Rxg3
27. Rxc6 Rxg2+ 28. Kxg2 bxc6 29. Rd8+ Bf8 30. Rc8 Kg7 31. Rxc6 Bxb4 32. Rc2
Rxc2 33. Bxc2 Kf6 34. Kf3 Ke5 35. Kg4 f6 36. f3 Bc3 37. Ba4 Bd2 38. Bd7 a5 39.
Kg3 Kd6 40. Ba4 Kc5 41. Kg4 0-1

[Event "ENCI Limburg-open A"]
[Site "Maastricht"]
[Date "2009.05.31"]
[Round "5"]
[White "Pedersen, Nicolai Vesterbaek"]
[Black "Swinkels, Robin"]
[Result "0-1"]
[WhiteElo "2417"]
[BlackElo "2499"]
[PlyCount "116"]
[EventDate "2009.05.29"]
[EventType "swiss"]
[EventRounds "7"]
[EventCountry "NED"]
[Source "P.Boonen"]
[SourceDate "2010.01.01"]

1. d4 Nf6 2. c4 e6 3. Nc3 Bb4 4. Qc2 O-O 5. a3 Bxc3+ 6. Qxc3 b6 7. Bg5 Bb7 8.
e3 c5 9. dxc5 bxc5 10. Nf3 d6 11. Nd2 a5 12. Bxf6 Qxf6 13. Qxf6 gxf6 14. Bd3
Nd7 15. f4 f5 16. e4 fxe4 17. Bxe4 Rfb8 18. O-O-O Nf6 19. Bxb7 Rxb7 20. Kc2 Ng4
21. Rb1 Ne3+ 22. Kc3 Kf8 23. g3 a4 24. b4 axb3 25. Rxb3 Rba7 26. Kb2 Nf5 27.
Nf3 h5 28. Rd1 Ra4 29. Rc1 R8a7 30. Rcc3 Ke7 31. Ka2 f6 32. Rb8 e5 33. Rh8 Ng7
34. fxe5 dxe5 35. Nd2 f5 36. Nf3 e4 37. Ne5 R4a6 38. Rc8 Kd6 39. Ng6 Ne6 40.
Nf4 Nxf4 41. gxf4 Ra8 42. Rxa8 Rxa8 43. Kb2 Rb8+ 44. Kc2 Rg8 45. Rh3 Rg4 46.
Rxh5 Rxf4 47. a4 Rf2+ 48. Kc3 Ke5 49. Rh8 Rf3+ 50. Kb2 Kd4 51. a5 Kxc4 52. Rb8
Rf2+ 53. Ka3 Rxh2 54. Rf8 e3 55. Rxf5 e2 56. Re5 Kd4 57. Re8 Rh3+ 58. Kb2 Re3
0-1

[Event "ENCI Limburg-open A"]
[Site "Maastricht"]
[Date "2009.05.31"]
[Round "5"]
[White "Ranucci, Marcello"]
[Black "Reyniers, Pieter"]
[Result "0-1"]
[WhiteElo "1950"]
[BlackElo "2029"]
[PlyCount "60"]
[EventDate "2009.05.29"]
[EventType "swiss"]
[EventRounds "7"]
[EventCountry "NED"]
[Source "P.Boonen"]
[SourceDate "2010.01.01"]

1. e4 c5 2. Nf3 d6 3. d4 cxd4 4. Qxd4 a6 5. Be3 Nc6 6. Qd2 Nf6 7. Nc3 g6 8.
O-O-O Bg7 9. Bc4 Ng4 10. Ng5 O-O 11. h4 Nxe3 12. Qxe3 Ne5 13. Bb3 h6 14. Nh3
Bxh3 15. Rxh3 Rc8 16. f4 Nc4 17. Bxc4 Rxc4 18. e5 Qa5 19. Rd5 Qc7 20. g4 b5 21.
a3 Rb8 22. b3 Rc6 23. b4 a5 24. Kb1 axb4 25. axb4 Rc4 26. Rd4 dxe5 27. Rxc4
bxc4 28. Nd5 Qd6 29. Qe4 e6 30. fxe5 Qxd5 0-1

[Event "ENCI Limburg-open A"]
[Site "Maastricht"]
[Date "2009.05.31"]
[Round "5"]
[White "Richter, Goetz"]
[Black "Fober, Jan"]
[Result "1/2-1/2"]
[WhiteElo "2064"]
[BlackElo "1999"]
[PlyCount "85"]
[EventDate "2009.05.29"]
[EventType "swiss"]
[EventRounds "7"]
[EventCountry "NED"]
[Source "P.Boonen"]
[SourceDate "2010.01.01"]

1. e4 e6 2. d4 d5 3. Nc3 Bb4 4. exd5 exd5 5. Qf3 Qe7+ 6. Nge2 Nc6 7. Qd3 Nf6 8.
a3 Bxc3+ 9. Qxc3 Ne4 10. Qe3 Bf5 11. f3 Nd6 12. Qxe7+ Nxe7 13. Bf4 O-O-O 14.
O-O-O Ng6 15. Bg3 h5 16. b3 h4 17. Be1 Bd7 18. Bd2 Rde8 19. Nc3 Bc6 20. Bd3 Ne7
21. g4 hxg3 22. hxg3 Rxh1 23. Rxh1 Nef5 24. Rh7 Nxd4 25. Rxg7 Nxf3 26. Bf4 Ne5
27. Bf1 a6 28. Ne2 Kb8 29. Nd4 Bd7 30. Bg2 Bc6 31. Bh3 Ka7 32. Rh7 Kb8 33. Kd2
Ka7 34. Rh5 Ne4+ 35. Kc1 f6 36. Rh7 Kb8 37. Ne6 Rc8 38. Rh5 Bd7 39. Bxe5 fxe5
40. Rxe5 Re8 41. Nf8 Rxf8 42. Bxd7 Nxg3 43. Rxd5 1/2-1/2

[Event "ENCI Limburg-open A"]
[Site "Maastricht"]
[Date "2009.05.31"]
[Round "5"]
[White "Schaeken, Yordi"]
[Black "Christensen, Klaus"]
[Result "1-0"]
[WhiteElo "2023"]
[BlackElo "2094"]
[PlyCount "81"]
[EventDate "2009.05.29"]
[EventType "swiss"]
[EventRounds "7"]
[EventCountry "NED"]
[Source "P.Boonen"]
[SourceDate "2010.01.01"]

1. d4 d5 2. c4 c6 3. e3 Nf6 4. Nf3 g6 5. Nc3 Bg7 6. Bd3 O-O 7. Bd2 dxc4 8. Bxc4
Bg4 9. h3 Bxf3 10. Qxf3 Nbd7 11. Bb3 e5 12. Rd1 exd4 13. exd4 Nb6 14. O-O Nfd5
15. Ne4 Qc7 16. Bg5 Rfe8 17. Bh4 Qf4 18. Qxf4 Nxf4 19. Nd6 Re2 20. Bxf7+ Kf8
21. Rfe1 Nbd5 22. Bxd5 Rxe1+ 23. Rxe1 Nxd5 24. Re4 b5 25. a3 a5 26. f3 Bh6 27.
Bf2 Bc1 28. Re2 a4 29. Rc2 Bf4 30. Rxc6 b4 31. Nc4 b3 32. Rc5 Ne7 33. g3 Bc1
34. Be3 Bxe3+ 35. Nxe3 Rd8 36. d5 Nc8 37. Kf2 Ke7 38. Nc4 Kf6 39. Ke3 h5 40.
Kd4 Re8 41. Rc6+ 1-0

[Event "ENCI Limburg-open A"]
[Site "Maastricht"]
[Date "2009.05.31"]
[Round "5"]
[White "Schiffers, Sascha"]
[Black "Henris, Luc"]
[Result "1-0"]
[WhiteElo "2139"]
[BlackElo "2265"]
[PlyCount "64"]
[EventDate "2009.05.29"]
[EventType "swiss"]
[EventRounds "7"]
[EventCountry "NED"]
[Source "P.Boonen"]
[SourceDate "2010.01.01"]

1. e4 e5 2. Nf3 d6 3. d4 exd4 4. Nxd4 Nf6 5. Nc3 Be7 6. Bd3 O-O 7. O-O Nc6 8.
Nxc6 bxc6 9. f4 Nd7 10. Be3 Bf6 11. Kh1 Re8 12. Qd2 Nb6 13. Rae1 Bb7 14. Nd1 c5
15. e5 dxe5 16. fxe5 Rxe5 17. Bf4 Rxe1 18. Qxe1 c4 19. Be2 Qe7 20. Bg4 Re8 21.
Qg3 Bh4 22. Qc3 Qe4 23. Ne3 Bf6 24. Qd2 Bd4 25. Nf5 c3 26. bxc3 Nc4 27. Qe2
Qxe2 28. Bxe2 Rxe2 29. Nxd4 Bxg2+ 30. Kg1 Bxf1 31. Kxf1 Re7 32. Nc6 Re6 1-0